• 首页
  • 本馆介绍
  • 公告通知
  • 最新文献
  • 馆藏检索
  • 电子资源
  • 读者导购
  • 参考咨询
  • 我的图书馆
  • 登录
  • 期刊详细显示
  • 现刊情况显示
  • 合订本情况显示
  • 篇目信息显示

期刊信息

  • 表格格式
  • 工作单格式
  • 卡片格式
索取号 
Q95-55/PB
题名 
Plant Biology
作者 
Journal of Integrative Plant Biology Editorial Office
分册号 
分册名 
出版地 
北京
出版者 
Blackwell Publishing Asia Bty Ltd
标准刊号 
1672-9072
出版频率 
月刊
中图法分类 
Q95-55
主题词 
动物学
电子资源 
000 00565nas0 2200193 45
001 0732362984
005 20160510111438.38
011    @a1672-9072@d¥165.00
091    @aCN11-5067
100    @a20070904d km y0chiy0120 ea
101 0  @aeng
200 1  @aPlant Biology@fJournal of Integrative Plant Biology Editorial Office
210    @a北京@cBlackwell Publishing Asia Bty Ltd
326    @a月刊
606 0  @a动物学
690    @aQ95-55@v4
701  0 @aJournal of Integrative Plant Biology Editorial Office
801  0 @aCN@bPFT@c20070904
905    @a213230@dQ95-55@ePB
    
    Plant Biology/Journal of Integrative Plant Biology Editorial Office.-北京:Blackwell Publishing Asia Bty Ltd
    
    
    
    ISSN 1672-9072:¥165.00
    
●
相关链接: 在易读查询期刊 在中国知网中查询期刊 在万方数据查询期刊 在维普查询期刊
唐山师范学院图书馆 欢迎您!
大连网信软件有限公司© 版权所有